| 000 | 00514nam a2200145Ia 4500 | ||
|---|---|---|---|
| 008 | 140724s9999 xx 000 0 und d | ||
| 050 |
_aTS 155 _b.C165 2011 |
||
| 100 | _aCalpo, Jerald Ephraim S. | ||
| 245 |
_aSouthville International School and Colleges online grading system / _cJerald Ephraim S. Calpo. |
||
| 260 |
_aLas PiƱas, Philippines : _bSouthville International School and Colleges, _cc2011. |
||
| 300 |
_a38 p. : _bill. ; _c28 cm. |
||
| 521 | _aInformation Technology | ||
| 942 | _cTH | ||
| 999 |
_c229274 _d229274 |
||